000
00186nam a22000977a 4500
020
_a
9780861637775
082
_a
K390
245
_a
TALES OF WIZARDS & WITCHES
300
_a
60P
942
_c
BK
999
_c
2445
_d
2445